Designing human settlements training in Asia countries / (Record no. 6336)

MARC details
000 -LEADER
fixed length control field 00648cam a22002052 4500
001 - CONTROL NUMBER
control field 0000003292
005 - DATE AND TIME OF LATEST TRANSACTION
control field 20151217151921.0
008 - FIXED-LENGTH DATA ELEMENTS--GENERAL INFORMATION
fixed length control field 070503s xx 000 0 eng d
040 ## - CATALOGING SOURCE
Original cataloging agency KABU
Transcribing agency KABU
050 #0 - LIBRARY OF CONGRESS CALL NUMBER
Classification number HT165.53
Item number .A85F57
100 1# - MAIN ENTRY--PERSONAL NAME
Personal name Fisher, Fred.
-- 0000153080
245 10 - TITLE STATEMENT
Title Designing human settlements training in Asia countries /
Statement of responsibility, etc. Fred Fisher, David W. Tees.
260 ## - PUBLICATION, DISTRIBUTION, ETC. (IMPRINT)
Place of publication, distribution, etc. Nairobi :
Name of publisher, distributor, etc. Habitat,
Date of publication, distribution, etc. 1994.
300 ## - PHYSICAL DESCRIPTION
Extent 2 v.
650 #0 - SUBJECT ADDED ENTRY--TOPICAL TERM
Topical term or geographic name as entry element Library has v. 1.
-- 0000153083
908 ## - PUT COMMAND PARAMETER (RLIN)
Put command parameter 070503
950 ## - LOCAL HOLDINGS (RLIN)
-- 1
Holdings
Withdrawn status Lost status Source of classification or shelving scheme Not for loan Home library Current library Date acquired Total Checkouts Full call number Barcode Date last seen Price effective from Koha item type
    Library of Congress Classification   Kabarak, Main Campus Kabarak, Main Campus 17/12/2015   HT165.53 .A85F57 v. 1 004723 17/12/2015 17/12/2015 General Collection
    Library of Congress Classification   Kabarak, Main Campus Kabarak, Main Campus 17/12/2015   HT165.53 .A85F57 v.1 004724 17/12/2015 17/12/2015 General Collection
Designed with assistance from East African Informatics Ltd